Capitales européennes au dessus de la 50eme parallèle - Mort subite - Statistiques

Statistiques générales
  • Ce quiz a été pris 23 fois
  • Le résultat moyen est 6 sur 10
Answers on the Grid
Answers color-coded by a green-red scale on the quiz's grid according to % correct below.
Helsinki
Oslo
Stockholm
Copenhague
Londres
Dublin
Amsterdam
Berlin
Varsovie
Minsk
Paris
Berne
Rome
Bratislava
Vienne
Ljubljana
Budapest
Chisinau
Vaduz
Madrid
 
Statistiques - réponses
Réponse % Correct
Helsinki
78%
Copenhague
72%
Amsterdam
67%
Berlin
67%
Minsk
67%
Oslo
61%
Stockholm
61%
Londres
56%
Varsovie
56%
Dublin
50%
Aucun quiz correspondant
Distribution des résultats
% des personnes avec chaque résultat
Percentile par nombre de réponses
Votre historique - résultats
Vous n’avez pas pris ce quiz